A day in the life of the other campaign /

محفوظ في:
التفاصيل البيبلوغرافية
المؤلف الرئيسي: Ballvé, Teo
التنسيق: نص
الموضوعات:
الوسوم: إضافة وسم
لا توجد وسوم, كن أول من يضع وسما على هذه التسجيلة!

MARC

LEADER 00000 a a2200000 04500
001 10051
003
040
100 |a Ballvé, Teo  
245 |a A day in the life of the other campaign /  |c Teo Ballvé 
650 |a PODER  
650 |a MOVIMIENTOS CAMPESINOS  
650 |a PROBLEMAS POLITICOS  
650 |a GRUPOS POPULARES  
650 |a POBLACION INDIGENA  
650 |a MEXICO  
773 |g volumen 39, número 5; páginas 4-7  
999 |c 38842  |d 38842